Microsoft Excel 2002 /

Gardado en:
Detalles Bibliográficos
Autor Principal: Haag Stephen
Outros autores: Perry James T.
Formato: Libro
Idioma:Vietnamese
Publicado: American : McGraw -Hill , 2002
Edición:In lần thứ 1
Những chủ đề:
Các nhãn: Engadir etiqueta
Sen Etiquetas, Sexa o primeiro en etiquetar este rexistro!
Thư viện lưu trữ: Thư viện Trường CĐ Kỹ Thuật Cao Thắng
LEADER 00688nam a2200229 a 4500
001 TVCDKTCT6582
003 Thư viện trường Cao đẳng Kỹ thuật Cao Thắng
005 20070406000000
008 070406
980 \ \ |a Thư viện Trường CĐ Kỹ Thuật Cao Thắng 
024 |a RG_1 #1 eb0 i1 
020 # # |a 0-07-247031-3 
041 0 # |a vie 
082 # # |a 005.369 /   |b M300C-s 
100 1 # |a Haag Stephen 
245 0 0 |a Microsoft Excel 2002 /  |c Haag Stephen, Perry James T. 
250 # # |a In lần thứ 1 
260 # # |a American :  |b McGraw -Hill ,  |c 2002 
300 # # |a 792tr. 
650 # 4 |a Microsoft Excel 2002 
650 # 4 |a Tin hoc văn phòng 
700 0 # |a Perry James T.